LIBRARY & INFORMATION CENTRE, KCAET, TAVANUR

ONLINE PUBLIC ACCESS CATALOGUE (OPAC)

Udhyana krishi / (Record no. 5391)

MARC details
000 -LEADER
fixed length control field 00376cam a2200169ua 4500
041 ## - LANGUAGE CODE
Language code of text/sound track or separate title mal
082 ## - DEWEY DECIMAL CLASSIFICATION NUMBER
Classification number 635.01
Item number APP/UD
100 ## - MAIN ENTRY--AUTHOR NAME
Personal name Appukuttan Nair, P .
245 ## - TITLE STATEMENT
Title Udhyana krishi /
250 ## - EDITION STATEMENT
Edition statement 1 /
300 ## - PHYSICAL DESCRIPTION
Number of Pages 146 ; .
942 ## - ADDED ENTRY ELEMENTS (KOHA)
Koha item type Books
Holdings
Withdrawn status Lost status Damaged status Home library Current library Date acquired Full call number Accession Number Koha item type
      KAUAET KAUAET 07/04/2012 635.01 14397 Books
free website counter